000 00340nam a2200133Ia 4500
008 240624s9999 xx 000 0 und d
041 _aeng
082 _a658.421 FAR
100 _aFARWELL FRANK
245 _aCHICKEN LIPS WHEELER DEALER AND THE BEAD
260 _c2011
_aNew Delhi
_bJohn-Wiley & Sons
300 _a300 : p.
365 _c
_b30
999 _c17520
_d17520